| 000 | 01054nam a2200277 i 4500 | ||
|---|---|---|---|
| 001 | 42766 | ||
| 003 | ES-MaACL | ||
| 005 | 20250712062538.0 | ||
| 007 | t| | ||
| 008 | 030314s1961 sp c |||| |dspa d | ||
| 080 | _a929:821.134.2"19" | ||
| 100 | 1 |
_aCela, Camilo José, _d1916-2002 _937336 |
|
| 245 | 1 | 0 |
_aCuatro figuras del 98 : _bUnamuno, Valle Inclán, Baroja, Azorín y otros retratos y ensayos españoles / _cCamilo José Cela. |
| 260 |
_aBarcelona : _bAedos, _c[1961] |
||
| 300 |
_a463 p. : _b1 retr. autor ; _c24 cm. |
||
| 490 | 1 |
_aBiblioteca biográfica ; _v18 |
|
| 600 | 1 | 4 |
_aUnamuno, Miguel de, _d1864-1936- _xBiografías _9172375 |
| 600 | 1 | 4 |
_aValle-Inclán, Ramón del, _d1866-1936- _xBiografías _9112798 |
| 600 | 1 | 4 |
_aBaroja, Pío, _d1872-1956- _xBiografías _925754 |
| 600 | 0 | 4 |
_aAzorín, _d1873-1967 _924326 |
| 650 | 4 |
_aEscritores españoles- _yS.XX- _xBiografías. _9161527 |
|
| 650 | 4 |
_aGeneración del 98 (Literatura) _913051 |
|
| 830 | 1 |
_aBiblioteca biográfica ; _v18 _9181197 |
|
| 852 | 4 |
_aES-MaACL _jF-6282 |
|
| 999 |
_c42766 _d42766 |
||